Pohľad žiakov na svoje kompetencie

Uložené v:
Podrobná bibliografia
Hlavný autor: Bagalová, Ľubica
Ďalší autori: Kompoltová, Soňa
Médium: Kapitola
Jazyk:Slovak
Tagy: Pridať tag
Žiadne tagy, Buďte prvý, kto otaguje tento záznam!

MARC

LEADER 00000naa$a2200000$$$4500
001 0060628
005 20240502071655.3
041 0 |a slo 
044 |a SK 
245 1 0 |a Pohľad žiakov na svoje kompetencie  |c Ľubica Bagalová, Soňa Kompoltová 
100 1 |a Bagalová, Ľubica 
700 1 |a Kompoltová, Soňa